00442nam a2200145Ia 4500008004100000082001000041100001600051245003100067260001800098630003100116730003100147942000900178999001900187952009000206100328s9999 xx 000 0 und d b15970 aHays Peter aNew Horizons in Psychiatry bPenguin Books aNew Horizons in Psychiatry aNew Horizons in Psychiatry cBOOK c510700d510697 00104070aRNVbRNVd2010-03-28l0pRNV-15970r2010-03-28 00:00:00w2010-03-28yBOOK